Beneficencia de España en Indias : avance para su estudio /
保存先:
| 第一著者: | |
|---|---|
| フォーマット: | 図書 |
| 言語: | スペイン語 |
| シリーズ: | (Publicaciones de la Escuela de Estudios Hispano-Americanos de Sevilla ;
52) (Publicaciones de la Escuela de Estudios Hispano-Americanos de Sevilla. Serie Segunda ; 16) |
| 主題: | |
| タグ: |
タグなし, このレコードへの初めてのタグを付けませんか!
|
MARC
| LEADER | 00000nam^a2200000^a^4500 | ||
|---|---|---|---|
| 001 | 000097526 | ||
| 005 | 20250521000000.0 | ||
| 009 | 20260310093023.108 | ||
| 037 | |a Acervo ITESO - Biblioteca | ||
| 041 | |a ESP | ||
| 082 | |a 980. 013 |b HER | ||
| 100 | |a Herráez S. de Escariche, Julia |e (autor) | ||
| 245 | 1 | 0 | |a Beneficencia de España en Indias : |b avance para su estudio / |c J. Herráez S. de Escariche. |
| 264 | |a Sevilla, España : |b Consejo Superior de Investigaciones Científicas, Escuela de Estudios Hispano-Americanos de Sevilla, |c 1949 | ||
| 300 | |a 180 p. | ||
| 336 | |a texto |b txt |2 rdacontenido | ||
| 337 | |a sin mediación |b n |2 rdamedio | ||
| 338 | |a volumen |b nc |2 rdasoporte | ||
| 440 | 1 | |a (Publicaciones de la Escuela de Estudios Hispano-Americanos de Sevilla ; |v 52) | |
| 440 | 1 | |a (Publicaciones de la Escuela de Estudios Hispano-Americanos de Sevilla. |p Serie Segunda ; |v 16) | |
| 649 | |a XX | ||
| 650 | |a Beneficencia - |z América - |x Leyes y Reglamentos | ||
| 650 | |a Beneficencia - |z América - |x Historia | ||
| 650 | |a Asistencia Pública - |z América - |x Historia | ||
| 650 | |a Instituciones de Beneficencia - |z América - |x Historia | ||
| 650 | |a América - |x Historia - |y Epoca Colonial | ||
| 650 | |a España - |x Historia | ||
| 910 | |a Fondo Jesús Rodríguez | ||
| 920 | |a Impresos - Libros | ||
| 930 | |a Fondos Especiales | ||
| 905 | |a 113 | ||
| 901 | |a 0500031609 |b IT2 |c ESP |u 20250521 | ||
| 902 | |a https://opac.biblio.iteso.mx/vufind/Record/000097526 | ||